00321pab a2200097 454500008003600000100001900036245007700055362003200132650002500164773003400189180718b xxu||||| |||| 00| 0 eng d aMundle Sudipto aPolicies, paradigms and development debate at close of twentieth century a28(36) 4 Sep 93, p.1879-882 aEconomic Development aEconomic and Political Weekly